<?xml version="1.0" encoding="UTF-8"?>
<collection xmlns="http://www.loc.gov/MARC21/slim">
<record>
  <controlfield tag="001">112189</controlfield>
  <controlfield tag="005">20230914083436.0</controlfield>
  <datafield tag="024" ind1="7" ind2=" ">
    <subfield code="2">doi</subfield>
    <subfield code="a">10.1007/s12008-022-00872-7</subfield>
  </datafield>
  <datafield tag="024" ind1="8" ind2=" ">
    <subfield code="2">sideral</subfield>
    <subfield code="a">128264</subfield>
  </datafield>
  <datafield tag="037" ind1=" " ind2=" ">
    <subfield code="a">ART-2022-128264</subfield>
  </datafield>
  <datafield tag="041" ind1=" " ind2=" ">
    <subfield code="a">eng</subfield>
  </datafield>
  <datafield tag="100" ind1=" " ind2=" ">
    <subfield code="a">Serón, Francisco J.</subfield>
    <subfield code="u">Universidad de Zaragoza</subfield>
    <subfield code="0">(orcid)0000-0003-1683-4694</subfield>
  </datafield>
  <datafield tag="245" ind1=" " ind2=" ">
    <subfield code="a">A theoretical reflection on smart shape modeling</subfield>
  </datafield>
  <datafield tag="260" ind1=" " ind2=" ">
    <subfield code="c">2022</subfield>
  </datafield>
  <datafield tag="506" ind1="0" ind2=" ">
    <subfield code="a">Access copy available to the general public</subfield>
    <subfield code="f">Unrestricted</subfield>
  </datafield>
  <datafield tag="520" ind1="3" ind2=" ">
    <subfield code="a">This paper presents, as far as the authors are aware, a complete and extended new taxonomy of shape specification modeling techniques and a characterization of shape design systems, all based on the relationship of users’ knowledge to the modeling system they use to generate shapes. In-depth knowledge of this relationship is not usually revealed in the regular university training courses such as bachelor’s, master’s and continuing education. For this reason, we believe that it is necessary to modify the learning process, offering a more global vision of all the currently existing techniques and extending training in those related to algorithmic modeling techniques. We consider the latter to be the most powerful current techniques for modeling complex shapes that cannot be modeled with the usual techniques known to date. Therefore, the most complete training should include everything from the usual geometry to textual programming. This would take us a step further along the way to more powerful design environments. The proposed taxonomy could serve as a guideline to help improve the learning process of students and designers in a complex environment with increasingly powerful requirements and tools. The term “smart” is widely used nowadays, e.g. smart phones, smart cars, smart homes, smart cities... and similar terms such as “smart shape modeling”. Nowadays, the term smart is applied from a marketing point of view, whenever an innovation is used to solve a complex problem. This is the case for what is currently called smart shape modeling. However, in the future; this concept should mean a much better design environment than today. The smart future requires better trained and skilled engineers, architects, designers or technical students. This means that they must be prepared to be able to contribute to the creation of new knowledge, to the use of innovations to solve complex problems of form, and to the extraction of the relevant pieces of intelligence from the growing volume of knowledge and technologies accessible today. Our taxonomy is presented from the point of view of methods that are possibly furthest away from what is considered today as “intelligent shape modeling” to the limit of what is achievable today and which the authors call “Generic Shape Algorithm”. Finally, we discuss the characteristics that a shape modeling system must have to be truly “intelligent”: it must be “proactive” in applying innovative ideas to achieve a solution to a complex problem.</subfield>
  </datafield>
  <datafield tag="536" ind1=" " ind2=" ">
    <subfield code="9">info:eu-repo/grantAgreement/ES/DGA/T33-20D</subfield>
  </datafield>
  <datafield tag="540" ind1=" " ind2=" ">
    <subfield code="9">info:eu-repo/semantics/openAccess</subfield>
    <subfield code="a">by</subfield>
    <subfield code="u">http://creativecommons.org/licenses/by/3.0/es/</subfield>
  </datafield>
  <datafield tag="592" ind1=" " ind2=" ">
    <subfield code="a">0.429</subfield>
    <subfield code="b">2022</subfield>
  </datafield>
  <datafield tag="593" ind1=" " ind2=" ">
    <subfield code="a">Industrial and Manufacturing Engineering</subfield>
    <subfield code="c">2022</subfield>
    <subfield code="d">Q2</subfield>
  </datafield>
  <datafield tag="593" ind1=" " ind2=" ">
    <subfield code="a">Modeling and Simulation</subfield>
    <subfield code="c">2022</subfield>
    <subfield code="d">Q3</subfield>
  </datafield>
  <datafield tag="594" ind1=" " ind2=" ">
    <subfield code="a">5.0</subfield>
    <subfield code="b">2022</subfield>
  </datafield>
  <datafield tag="655" ind1=" " ind2="4">
    <subfield code="a">info:eu-repo/semantics/article</subfield>
    <subfield code="v">info:eu-repo/semantics/publishedVersion</subfield>
  </datafield>
  <datafield tag="700" ind1=" " ind2=" ">
    <subfield code="a">Zaldívar, Ángel</subfield>
  </datafield>
  <datafield tag="700" ind1=" " ind2=" ">
    <subfield code="a">Blesa, Alfonso</subfield>
    <subfield code="u">Universidad de Zaragoza</subfield>
    <subfield code="0">(orcid)0000-0001-9688-2260</subfield>
  </datafield>
  <datafield tag="700" ind1=" " ind2=" ">
    <subfield code="a">Celani, Gabriela</subfield>
  </datafield>
  <datafield tag="700" ind1=" " ind2=" ">
    <subfield code="a">Magallón, Juan</subfield>
    <subfield code="u">Universidad de Zaragoza</subfield>
    <subfield code="0">(orcid)0000-0002-3355-0055</subfield>
  </datafield>
  <datafield tag="710" ind1="2" ind2=" ">
    <subfield code="1">5008</subfield>
    <subfield code="2">785</subfield>
    <subfield code="a">Universidad de Zaragoza</subfield>
    <subfield code="b">Dpto. Ingeniería Electrón.Com.</subfield>
    <subfield code="c">Área Tecnología Electrónica</subfield>
  </datafield>
  <datafield tag="710" ind1="2" ind2=" ">
    <subfield code="1">5007</subfield>
    <subfield code="2">570</subfield>
    <subfield code="a">Universidad de Zaragoza</subfield>
    <subfield code="b">Dpto. Informát.Ingenie.Sistms.</subfield>
    <subfield code="c">Área Lenguajes y Sistemas Inf.</subfield>
  </datafield>
  <datafield tag="773" ind1=" " ind2=" ">
    <subfield code="g">16 (2022), 821–839</subfield>
    <subfield code="t">International Journal on Interactive Design and Manufacturing</subfield>
    <subfield code="x">1955-2513</subfield>
  </datafield>
  <datafield tag="856" ind1="4" ind2=" ">
    <subfield code="s">2118413</subfield>
    <subfield code="u">http://zaguan.unizar.es/record/112189/files/texto_completo.pdf</subfield>
    <subfield code="y">Versión publicada</subfield>
  </datafield>
  <datafield tag="856" ind1="4" ind2=" ">
    <subfield code="s">2218936</subfield>
    <subfield code="u">http://zaguan.unizar.es/record/112189/files/texto_completo.jpg?subformat=icon</subfield>
    <subfield code="x">icon</subfield>
    <subfield code="y">Versión publicada</subfield>
  </datafield>
  <datafield tag="909" ind1="C" ind2="O">
    <subfield code="o">oai:zaguan.unizar.es:112189</subfield>
    <subfield code="p">articulos</subfield>
    <subfield code="p">driver</subfield>
  </datafield>
  <datafield tag="951" ind1=" " ind2=" ">
    <subfield code="a">2023-09-13-12:17:42</subfield>
  </datafield>
  <datafield tag="980" ind1=" " ind2=" ">
    <subfield code="a">ARTICLE</subfield>
  </datafield>
</record>
</collection>